|
|
|
|
| LEADER |
00000nam a22000007a 4500 |
| 005 |
20220513215637.0 |
| 007 |
cr|||| |||| |
| 008 |
220513s2021 br |||||s|||| 00||0 por d |
| 020 |
|
|
|a 978-65-5883-062-7
|
| 035 |
|
|
|a 36397
|
| 040 |
|
|
|a vLex
|
| 090 |
|
|
|c 13334
|d 13334
|
| 100 |
1 |
|
|a Barbosa Junior, Francisco de Assis
|
| 245 |
1 |
0 |
|a Gig economy e contrato de emprego
|h [Recurso electrn̤ico] :
|b aplicabilidade da legislaȯ̂ trabalhista aos vn̕culos de trabalho da nova economia /
|c Francisco de Assis Barbosa Junior
|
| 256 |
|
|
|a Servicio en ln̕ea
|
| 260 |
|
|
|a San Pablo:
|b LTR,
|c 2021
|
| 300 |
|
|
|a 1 recurso electrn̤ico
|
| 500 |
|
|
|a As formas de trabalho presentes na Gig Economy possuem uma nova feiȯ̂, com a intermediaȯ̂ entre o obreiro e o consumidor final feita ̉distńcia por empresas via meios telemt̀icos, sem maiores contatos entre estas e os trabalhadores. As caracters̕ticas especf̕icas dessas relaė̳s de trabalho, em princp̕io, fazem concluir pela sua natureza jurd̕ica civilista. Contudo, antes de se chegar a esta conclusô, deve-se aferir se efetivamente nô existem os elementos caracterizadores de um vn̕culo de emprego, pois estes podem estar presentes, apenas o fazendo sob nova forma, confeccionada pelos ditames do novo mundo do trabalho, sendo esta aferiȯ̂ o ponto central desta obra, a qual foi nesta 2® Ediȯ̂ atualizada com a jurisprudn̊cia e doutrina mais recentes.
|
| 506 |
1 |
|
|a Disponible solo en los productos indicados
|d vLex Global
|d vLex Global (Academic Edition, excluding Law Schools)
|d vLex Global (U.S. Academic Edition, Law Schools)
|d vLex Global (U.S. Academic Edition, excluding Law Schools)
|d vLex Global (Academic Edition, Law Schools)
|
| 650 |
0 |
4 |
|a Derecho Laboral y Seguridad Social
|z Brasil
|
| 740 |
0 |
|
|a vLex Libros (Servicio en ln̕ea)
|
| 856 |
4 |
0 |
|u https://app.vlex.com/#/sources/36397
|z Acceso restringido
|
| 942 |
|
|
|c BOOK
|
| 999 |
0 |
|
|a Labor law and social security
|